Real life applications of soft computing (Record no. 6758)
[ view plain ]
| 000 -LEADER | |
|---|---|
| fixed length control field | 00471nam a2200181Ia 4500 |
| 005 - DATE AND TIME OF LATEST TRANSACTION | |
| control field | 20191123154641.0 |
| 008 - FIXED-LENGTH DATA ELEMENTS--GENERAL INFORMATION | |
| fixed length control field | 170106s2010||||xx |||||||||||||| ||und|| |
| 020 ## - INTERNATIONAL STANDARD BOOK NUMBER | |
| International Standard Book Number | 9781439822876 |
| 082 ## - DEWEY DECIMAL CLASSIFICATION NUMBER | |
| Classification number | 006.3 |
| Item number | SHU |
| 100 ## - MAIN ENTRY--PERSONAL NAME | |
| Personal name | Shukla, Anupam |
| 245 #0 - TITLE STATEMENT | |
| Title | Real life applications of soft computing |
| 260 ## - PUBLICATION, DISTRIBUTION, ETC. | |
| Place of publication, distribution, etc. | Baca Raton |
| Name of publisher, distributor, etc. | CRC Press |
| Date of publication, distribution, etc. | 2010 |
| 300 ## - PHYSICAL DESCRIPTION | |
| Extent | xxxi,653p. ; 26 cm |
| 650 ## - SUBJECT ADDED ENTRY--TOPICAL TERM | |
| Topical term or geographic name entry element | Computer Science |
| 700 ## - ADDED ENTRY--PERSONAL NAME | |
| Personal name | Kala,Rahul |
| 700 ## - ADDED ENTRY--PERSONAL NAME | |
| Personal name | Tiwari,Ritu |
| 942 ## - ADDED ENTRY ELEMENTS (KOHA) | |
| Koha item type | Book |
| Source of classification or shelving scheme | Dewey Decimal Classification |
| Withdrawn status | Lost status | Source of classification or shelving scheme | Damaged status | Not for loan | Home library | Current library | Shelving location | Date acquired | Source of acquisition | Total Checkouts | Total Renewals | Full call number | Barcode | Date last seen | Date last checked out | Price effective from | Koha item type | Collection code |
|---|---|---|---|---|---|---|---|---|---|---|---|---|---|---|---|---|---|---|
| Dewey Decimal Classification | LRC, IIT Indore | LRC, IIT Indore | 3rd Floor - General Stack | 06/01/2017 | PO No. 41 ; Vendor: Elite Pub. Dist., New Delhi ; Bill No. 10084, dt.14.04.2011; Price: UKP 82 | 4 | 2 | 006.3 SHU | 6758 | 24/07/2023 | 30/01/2017 | 06/01/2017 | Book | |||||
| LRC, IIT Indore | LRC, IIT Indore | 3rd Floor - General Stack | 06/01/2017 | PO No. 41 ; Vendor: Elite Pub. Dist., New Delhi ; Bill No. 10109, dt.14.05.2011; Price: UKP 82 | 006.3 SHU | 11360 | 06/01/2017 | 06/01/2017 | Book | |||||||||
| Dewey Decimal Classification | LRC, IIT Indore | LRC, IIT Indore | 3rd Floor - General Stack | 06/01/2017 | PO No. 129 ; Vendor: Atlantic, New Delhi ; Bill No. 12-01685, dt.29.05.2012; Price: UKP 87 | 006.3 SHU | 19108 | 06/01/2017 | 06/01/2017 | Book | ||||||||
| Not For Loan | LRC, IIT Indore | LRC, IIT Indore | 2nd Floor - Textbook Reserve | 06/01/2017 | PO No. 129 ; Vendor: Atlantic, New Delhi ; Bill No. 12-03185, dt.18.07.2012; Price: UKP 87.00 | 006.3 SHU | 20322 | 06/01/2017 | 06/01/2017 | Text/Reserve Book | Non-fiction | |||||||
| LRC, IIT Indore | LRC, IIT Indore | 3rd Floor - General Stack | 06/01/2017 | PO No. 129 ; Vendor: Atlantic, New Delhi ; Bill No. 12-03185, dt.18.07.2012; Price: UKP 87.00 | 8 | 3 | 006.3 SHU | 20323 | 21/04/2023 | 23/02/2023 | 06/01/2017 | Book |
